Southville International School and Colleges
Your cart is empty.
  • Cart
  • Lists
    Public lists Eva Luna New books Lux_list list_1
    Your lists Log in to create your own lists
  • Log in to your account
  • Your cookies
  • Search history
Southville International School and Colleges
  • Advanced search
  • Recent comments
  • Most popular
  • Libraries

Log in to your account

Log in with GOOGLE


If you do not have an external account, but do have a local account, you can still log in:

  1. Home
  2. MARC view: English b :
Normal view MARC view ISBD view

English b : (Record no. 12048)

[ view plain ]
MARC details
000 -LEADER
fixed length control field 00891nam a22002657a 4500
003 - CONTROL NUMBER IDENTIFIER
control field SISC
005 - DATE AND TIME OF LATEST TRANSACTION
control field 20170606162221.0
008 - FIXED-LENGTH DATA ELEMENTS--GENERAL INFORMATION
fixed length control field 130925t xxu||||| |||| 00| 0 eng d
020 ## - INTERNATIONAL STANDARD BOOK NUMBER
International Standard Book Number 9780199129683
050 ## - LIBRARY OF CONGRESS CALL NUMBER
Classification number LB 2351.E54
Item number .Al363 2012
100 ## - MAIN ENTRY--PERSONAL NAME
Personal name AIDin, Kawther Saa'd.
9 (RLIN) 21542
245 ## - TITLE STATEMENT
Title English b :
Remainder of title course companion /
Statement of responsibility, etc Kawther Saa'd Awad, Jeehan Abu-Awad, Tiia Tempakka and Kevin Morley
260 ## - PUBLICATION, DISTRIBUTION, ETC. (IMPRINT)
Place of publication, distribution, etc New York :
Name of publisher, distributor, etc Oxford University Press,
Date of publication, distribution, etc c2012.
300 ## - PHYSICAL DESCRIPTION
Extent x, 413 p. :
Other physical details ill. col. ;
Dimensions 27 cm.
440 ## - SERIES STATEMENT/ADDED ENTRY--TITLE
Title Oxford IB diploma programme
500 ## - GENERAL NOTE
General note Includes Index.
651 ## - SUBJECT ADDED ENTRY--GEOGRAPHIC NAME
Geographic name Cultural Diversity
General subdivision Culture
9 (RLIN) 21543
651 ## - SUBJECT ADDED ENTRY--GEOGRAPHIC NAME
Geographic name Tattooing
General subdivision Custom & tradition
9 (RLIN) 21544
651 ## - SUBJECT ADDED ENTRY--GEOGRAPHIC NAME
Geographic name Tradional Medicine
General subdivision Health
9 (RLIN) 21545
651 ## - SUBJECT ADDED ENTRY--GEOGRAPHIC NAME
Geographic name Linguistic Dominance
General subdivision Social relationships
9 (RLIN) 21546
942 ## - ADDED ENTRY ELEMENTS (KOHA)
Source of classification or shelving scheme Library of Congress Classification
Koha item type Books
Holdings
Withdrawn status Lost status Source of classification or shelving scheme Damaged status Home library Current library Shelving location Date acquired Source of acquisition Total Checkouts Total Renewals Full call number Barcode Date last seen Date checked out Copy number Price effective from Koha item type Sub Shelving location
    Library of Congress Classification   Luxembourg Library Luxembourg Library International Baccalaureate Section 09/25/2013 Donation 2 3 LB 2351.E54 .Al363 2012 IB0111 06/21/2019 07/17/2017 1 09/25/2013 Books  
    Library of Congress Classification   Luxembourg Library Luxembourg Library International Baccalaureate Section 09/25/2013   5 8 LB 2351.E54 .Al363 2012 IB0112 06/17/2022 10/22/2019 2 09/25/2013 Books  
    Library of Congress Classification   Luxembourg Library Luxembourg Library International Baccalaureate Section 06/06/2017 Donation 1 1 LB 2351.E54 .Al363 2012 IB0244 12/13/2017 08/22/2017 3 06/06/2017 Books  

English b :

APA

AIDin K. S., . (2012). English b. New York: Oxford University Press.

Chicago

AIDin Kawther Saa'd, . 2012. English b. New York: Oxford University Press.

Harvard

AIDin K. S., . (2012). English b. New York: Oxford University Press.

MLA

AIDin Kawther Saa'd, . English b. New York: Oxford University Press. 2012.

  • Place hold
  • Print
  • Cite
  • Add to your cart (remove)
  • Save record
    BIBTEX Dublin Core MARCXML MARC (non-Unicode/MARC-8) MARC (Unicode/UTF-8) MARC (Unicode/UTF-8, Standard) MODS (XML) RIS
  • More searches
    Search for this title in:
    Other Libraries (WorldCat) Other Databases (Google Scholar) Online Stores (Bookfinder.com) Open Library (openlibrary.org)

Exporting to Dublin Core...

SOUTHVILLE LIBRARY

Southville International School and Colleges Library

1281 Tropical Ave. Cor. Luxembourg St., BF Homes International, Las Pinas City

Tel. No. 8256374 / 252358 Loc. 117/146

Powered by Koha